| 000 | 00456nam a2200157 a 4500 | ||
|---|---|---|---|
| 001 | 000047580 | ||
| 005 | 20201002060623.0 | ||
| 008 | 180703s2017 000 spa d | ||
| 020 | _a9789945609172 | ||
| 040 |
_aDO-SdBNP _bspa _cBNPHU |
||
| 100 | 1 |
_aEspinal Rijo, César _975222 |
|
| 245 | 0 |
_aA la vista del tamarindo. / _cCésar Espinal Rijo. |
|
| 260 |
_aSanto Domingo : _bSantuario, _c2017. |
||
| 300 |
_a79 p. ; _c24 cm. |
||
| 590 | _aInventariado,2018/DG | ||
| 999 |
_c47068 _d47068 |
||